Técnicas matemáticas de la investigación operacional / (Record no. 72702)

MARC details
000 -LEADER
campo de control de longitud fija 00687nam a2200205 i 4500
001 - NÚMERO DE CONTROL
campo de control 72702
003 - IDENTIFICADOR DE NÚMERO DE CONTROL
campo de control ES-MaACL
005 - FECHA Y HORA DE LA ÚLTIMA TRANSACCIÓN
campo de control 20260215171006.0
007 - CAMPO FIJO DE DESCRIPCIÓN FÍSICA--INFORMACIÓN GENERAL
campo de control de longitud fija t|
008 - DATOS DE LONGITUD FIJA--INFORMACIÓN GENERAL
campo de control de longitud fija 040902s1969 sp ||||1| spa d
100 1# - ENTRADA PRINCIPAL--NOMBRE DE PERSONA
Nombre de persona Goddard, L. S.
9 (RLIN) 57504
245 10 - MENCIÓN DEL TÍTULO
Título Técnicas matemáticas de la investigación operacional /
Mención de responsabilidad, etc. L.S. Goddard ; versión, Mª Cristina Martínez Calvo, Alberto Pérez de Vargas.
250 ## - MENCION DE EDICION
Mención de edición [1ª ed.].
260 ## - PUBLICACIÓN, DISTRIBUCIÓN, ETC.
Lugar de publicación, distribución, etc. Madrid :
Nombre del editor, distribuidor, etc. Alhambra,
Fecha de publicación, distribución, etc. [1969]
300 ## - DESCRIPCIÓN FÍSICA
Extensión XII, 263 p. :
Otras características físicas il. ;
Dimensiones 20 cm.
700 1# - ENTRADA AGREGADA--NOMBRE PERSONAL
Nombre de persona Martínez Calvo, María Cristina.
9 (RLIN) 77916
700 0# - ENTRADA AGREGADA--NOMBRE PERSONAL
Nombre de persona Pérez de Vargas, Alberto
9 (RLIN) 90813
852 ## - LOCALIZACIÓN
Ubicación ES-MaACL
Número de control de estantería C-36003
Sublocalización o colección R.69038
Holdings
Estatus retirado Estado de pérdida Estado de daño No para préstamo Biblioteca de origen Biblioteca actual Ubicación en estantería Fecha de adquisición Fuente de adquisición Total de préstamos Signatura topográfica completa Código de barras Visto por última vez Precio de reemplazo Tipo de ítem Koha
        Biblioteca del Ateneo de Madrid Biblioteca del Ateneo de Madrid Depósito 2 17/01/2008     C-36003 1076107 23/02/2023 23/02/2023 Libro impreso